LEADER 01014nam0-22002771i-450- 001 990001009540403321 010 $a90-277-0271-3 035 $a000100954 035 $aFED01000100954 035 $a(Aleph)000100954FED01 035 $a000100954 100 $a--------d--------km-y0itay50------ba 101 0 $aeng 200 1 $aContemporary Research in the Foundations and Philosophy of Quantum Theory$eProceedings of a conference held at the University of Western Ontario, London, Canada$fEdited by C.A. Hooker 210 $aDordrecht (NL)$cReidel$d1973 225 1 $a<>University of Western Ontario Series in Philosophy of Science$v2 610 0 $aFondamenti delle scienze fisiche e naturali 676 $a501 700 1$aHooker,$bClifford Alan$0149582 801 0$aIT$bUNINA$gRICA$2UNIMARC 901 $aBK 912 $a990001009540403321 952 $a4-167.001$b9262$fFI1 959 $aFI1 996 $aContemporary Research in the Foundations and Philosophy of Quantum Theory$9355047 997 $aUNINA LEADER 01755nam 2200361Ia 450 001 996395294903316 005 20200824124931.0 035 $a(CKB)4330000000313546 035 $a(EEBO)2240917335 035 $a(OCoLC)ocm38875688e 035 $a(OCoLC)38875688 035 $a(EXLCZ)994330000000313546 100 $a19980331d1689 uy | 101 0 $aeng 135 $aurbn||||a|bb| 200 13$aAn historical account of the memorable actions of the most illustrious William Henry, prince of Orange$b[electronic resource] $eand more particularly his last generous and glorious expedition to England to deliver the Three Kingdoms from slavery and arbitrary power, and to secure the Protestant religion against popery : giving a true relation of all that materially happened from time to time, the whole containing a summary from the birth of His Highness to this day 210 $aLondon $cPrinted for R.H. and are to be sold by the booksellers of London and Westminster$d1689 215 $a[6], 184 p., [1] leaf of plates $cfront. (port.) 300 $aAttributed to S.J. by Wing (2nd ed.). 300 $aPreface signed: S.J. 300 $aTitle within double line border. 300 $a"P'legi: August: 29th 1728 John Cotton" --ms. note p. 184. Other ms. notes for names W[?] Cotton, and Jos. Cotton. 300 $aReproduction of original in: Huntington Library. 330 $aeebo-0113 607 $aGreat Britain$xHistory$yWilliam and Mary, 1689-1702 700 $aS. J$01005534 801 0$bEAE 801 1$bEAE 801 2$bWaOLN 906 $aBOOK 912 $a996395294903316 996 $aAn historical account of the memorable actions of the most illustrious William Henry, prince of Orange$92381455 997 $aUNISA